| 000 | 00483nam a22001697a 4500 | ||
|---|---|---|---|
| 999 |
_c522635 _d522635 |
||
| 003 | NUST | ||
| 020 | _cAvailable | ||
| 038 | _aNusrat Nadeem | ||
| 040 |
_aDLC _bDLC _cRCMS |
||
| 082 | _a515.35 MIR | ||
| 100 |
_aKhalid Latif Mir _912698 |
||
| 245 |
_aAn Introductory Course in Differential Equations With Applications _cMir Khalid Latif |
||
| 260 |
_aLahore _bIlmi Kitab Khana _c2006 |
||
| 300 |
_axvi,323,p. _bPB |
||
| 600 |
_xDifferential Equations _912699 |
||
| 942 |
_2ddc _cBK |
||